Fotoprotektívne vlastnosti vybraných C-glykozidov – komparácia in vitro metód

Salvato in:
Dettagli Bibliografici
Autore principale: Guľašová, Eva (Autore)
Altri autori: Martiniaková, Silvia (Relatore della tesi)
Natura: Manoscritto Libro
Lingua:slovacco
Pubblicazione: 2025
Soggetti:
Accesso online:http://is.stuba.sk/zp/portal_zp.pl?podrobnosti=183282
Tags: Aggiungi Tag
Nessun Tag, puoi essere il primo ad aggiungerne!!

MARC

LEADER 00000ntm a22000003a 4500
001 stuzp105235
003 SK-STU
005 20250607211334.4
007 ta
008 150427s2015----xo-----f-mn---000-0-slo-d
040 |a STU  |b slo 
041 0 |a slo 
100 1 |a Guľašová, Eva  |u 040250  |4 aut  |U FCHPT Ústav potravinárstva a výživy  |T FCHPT Oddelenie potravinárskej technológie  |X 104707  |U C0250  |Y 685  |7 104707 
242 0 1 |a Photoprotective Properties of Selected C-glycosides – Comparison of In Vitro Methods  |y eng 
245 1 0 |a Fotoprotektívne vlastnosti vybraných C-glykozidov – komparácia in vitro metód 
260 |c 2025 
650 4 |a in vitro methods  |2 eng 
650 4 |a photostability  |2 eng 
650 4 |a in silico method  |2 eng 
650 4 |a C-glycosides  |2 eng 
650 4 |a photoprotection  |2 eng 
650 4 |a metóda in silico  |2 slo 
650 4 |a metódy in vitro  |2 slo 
650 4 |a fotostabilita  |2 slo 
650 4 |a fotoprotekcia  |2 slo 
650 4 |a C-glykozidy  |2 slo 
700 1 |a Martiniaková, Silvia  |u 040250  |k Z1  |4 ths  |U FCHPT Ústav potravinárstva a výživy  |T FCHPT Oddelenie potravinárskej technológie  |X 16670  |U C0250  |Y 685  |7 A000016670 
856 4 |u http://is.stuba.sk/zp/portal_zp.pl?podrobnosti=183282